000 00379nam a2200145Ia 4500
008 150301s2003 xx 000 0 und d
082 _a615
_bP2003K
100 _aKHANNA ,NARESH KUMAR
245 _aPRINCIPLES OF DENTAL PHARMACOLOGY
250 _a1ST
260 _bCBS PUBLISHERS & DISTRIBUTORS
_aNEW DELHI
_c2003
300 _a1-312
650 _aPHARMACOLOGY
942 _2ddc
_cBK
999 _c6895
_d6895